00518nam a22001457a 4500003000400000005001700004008002900021040002500050100002200075245007500097260007000172300002200242500007700264504003100341OSt20201120095742.0201120b 2013 dr 00| 0 eng d aDO-SdBNPbspacBNPHU1 aVásquez, José10aHurtos públicos cosentidos (salarios y pensiones)cJosé Vásquez. aLa Vega, República Dominicana : bImpresora Universal, c2013. a102 p. ;c23 cm.  aIncluye datos biográficos del autor en la solapa de la contracubierta. aBibliografía : p. 99-102